European Cities Chain - Statistics

General Stats
  • This quiz has been taken 121 times
  • The average score is 20 of 24
Answer Stats
Hint City % Correct
Capital of Norway Oslo
100%
Capital of Ukraine Kiev
99%
Capital of Scotland Edinburgh
98%
Oktoberfest Munich
98%
Largest Nordic city Stockholm
97%
Birthplace of democracy Athens
96%
Formerly Constantinople Istanbul
96%
Founded by Romulus and Remus Rome
96%
Where Anne Frank hid Amsterdam
95%
Third biggest city in Spain Valencia
95%
Where pizza originated Naples
94%
France's largest coastal city Marseille
91%
Destroyed by Vesuvius Pompeii
89%
Nordic Summer Olympics host Helsinki
88%
Site of Nazi rallies and tribunals Nuremberg
86%
Austrian Winter Olympics host Innsbruck
84%
Largest Ukrainian city on the Black Sea Odessa
78%
City closest to Africa Gibraltar
76%
Devastated by an earthquake in 1755 Lisbon
73%
Ruhr valley city Essen
70%
Diamond industry center Antwerp
66%
Last Muslim city in Spain Granada
62%
1984 Winter Olympics host Sarajevo
60%
Home to Germany's oldest university Heidelberg
51%
No matching quizzes found
Score Distribution
Percent of People with Each Score
Percentile by Number Answered
Your Score History
You have not taken this quiz